Neighbours of Countries That Have Participated in Eurovision - Statistics

General Stats
  • This quiz has been taken 8 times
  • The average score is 10 of 16
Answer Stats
Answer % Correct
Lebanon
100%
China
80%
Egypt
80%
Iran
80%
Iraq
80%
Jordan
80%
Kazakhstan
80%
Mongolia
80%
Syria
80%
Algeria
60%
Mauritania
60%
North Korea
60%
Kosovo
40%
Vatican City
40%
Brazil
20%
Suriname
20%
No matching quizzes found
Score Distribution
Percent of People with Each Score
Percentile by Number Answered
Your Score History
You have not taken this quiz